00605nam a2200193Ia 4500008004100000020001500041082001600056100002500072245002700097250000700124260003600131300003000167500001900197600002700216650001500243942000700258952012900265999001700394240925s9999 xx 000 0 und d a007113414x a621.381 PET aPetruzella, Frank D. 0aIndustrial Electronics aNA aNew York:bMc Graw HIllc,1996. axxxv,780p.bNAfPhotocopy aIncludes Index aElectronic Engineering aTechnology cBK 001040708ELaUITUbUITUd2012-03-05eFair Book Centerg575.00l0o621.381 PETpQ9085r2024-09-25 07:15:11w2024-09-25yBK c11584d11584